000 00742nam a22002417a 4500
005 20151215075359.0
008 150604b xxu||||| |||| 00| 0 eng d
020 _a9780072263442
020 _a007226344X
080 _a621.384
100 1 _aSmith, Clint,
245 1 _a3G wireless networks /
_cClint Smith, Daniel Collins.
250 _a2nd ed.
260 _aNew York :
_bMcGraw-Hill,
_cc2007.
300 _axxiv, 695 f. :
_bme il. ;
_c24 cm.
490 0 _aMcGraw-Hill communications
650 0 _aSistemi i komunikimit mobil
650 0 _aSistemi i komunikimit me Wireless
650 0 _aSistemi global për komunikimin mobil
653 _aUniversal Mobile Telecommunication System.
700 1 _aCollins, Daniel.
942 _2udc
_cBK
999 _c988
_d988